"M" Cities in the United States - Statistics

General Stats
  • This quiz has been taken 81 times
  • The average score is 14 of 23
Answer Stats
State Population Answer % Correct
Tennessee 633,104 Memphis
96%
Wisconsin 577,222 Milwaukee
92%
Wisconsin 269,840 Madison
91%
Florida 442,241 Miami
89%
Minnesota 429,954 Minneapolis
89%
Alabama 200,603 Montgomery
89%
Arizona 504,258 Mesa
85%
Alabama 187,041 Mobile
81%
New Hampshire 115,644 Manchester
78%
Georgia 157,346 Macon
66%
California 218,464 Modesto
64%
Texas 132,524 Midland
55%
Texas 142,210 McAllen
51%
Tennessee 152,769 Murfreesboro
50%
Idaho 117,635 Meridian
39%
Florida 111,640 Miami Gardens
39%
Texas 195,308 McKinney
36%
Texas 150,108 Mesquite
36%
California 208,634 Moreno Valley
35%
Louisiana 143,507 Metairie
28%
California 110,949 Murrieta
26%
Florida 134,721 Miramar
24%
California 102,527 Menifee
9%
No matching quizzes found
Score Distribution
Percent of People with Each Score
Percentile by Number Answered
Your Score History
You have not taken this quiz